[Event "Montigny le Bretonneux op 7th"]
[Site "Montigny le Bretonneux"]
[Date "2003.05.01"]
[Round "2.18"]
[White "Le Gac, Michel"]
[Black "Rivier, Sylvain"]
[Result "0-1"]
[WhiteElo "1240"]
[BlackElo "1570"]
[PlyCount "112"]
[EventDate "2003.05.??"]
[EventType "swiss"]
[EventRounds "9"]
[EventCountry "FRA"]
[SourceTitle "EXT 2004"]
[Source "ChessBase"]
[SourceDate "2003.11.25"]
[SourceVersion "1"]
[SourceVersionDate "2003.11.25"]
[SourceQuality "1"]

1. e4 e6 2. d4 d5 3. exd5 exd5 4. Nf3 Bd6 5. Nc3 Nf6 6. Bd3 0-0 7. 0-0 Bg4 8. Be2 h6 9. Rb1 Nc6 10. a3 Re8 11. Re1 Ne7 12. Be3 a6 13. Qd2 Nf5 14. Bf4 Bxf3 15. Bxd6 Bxe2 16. Nxe2 Qxd6 17. Qf4 Qxf4 18. Nxf4 Nxd4 19. Rec1 Ne2+ 20. Nxe2 Rxe2 21. c3 Rae8 22. g3 Rd2 23. Rf1 Ree2 24. h3 Ne4 25. Rbd1 Rxd1 26. Rxd1 Rd2 27. Rxd2 Nxd2 28. f4 Nc4 29. Kf2 Nxb2 30. Ke3 c5 31. Kd2 Nc4+ 32. Kc2 Nxa3+ 33. Kb2 Nc4+ 34. Kc2 b5 35. Kb3 a5 36. Kc2 a4 37. Kc1 a3 38. Kb1 b4 39. cxb4 cxb4 40. Ka2 d4 41. Kb3 d3 42. Kxc4 d2 43. Kd3 d1Q+ 44. Ke3 Kf8 45. f5 Ke7 46. g4 Kf6 47. h4 Ke5 48. h5 Qb3+ 49. Kf2 Ke4 50. g5 a2 51. f6 Qf3+ 52. Ke1 a1R+ 53. Kd2 Qc3+ 54. Ke2 Ra2+ 55. Kd1 Qc2+ 56. Ke1 Qe2# 0-1